Datum a čas kvízu

15 Celkem bodů Celkový počet nahraných bodů na tomto kvízu bez doplňovacích otázek.
5. Pořadí na kvízu Konečné umístění týmu na tomto kvízu.

Zaznamenané odpovědi

# Otázka Odpověď Body Výsledky
1. Krátce po sobotním poledni vyj... z Malešic 0
2. V úterý se jeden karibský stát... Barbados 0
3. Minulý týden jsme se dozvěděli... Iva Pazderková 0
4. Životní úroveň v Česku se loni... Lucembursko 0
5. Brankář týmu Arizona Coyotes s... Karel Vejmelka 1
6. Po slavných psech a koních při... 1963 (Uznáváme 1960–66.) 0
7. Kočka na obrázku pochází ze st... Simonova kočka (Simon's Cat) 0
8. Kočku na obrázku nejspíš někdy... C. Tardar Sauce 0
9. Neopomeneme ani slavné literár... Křivonožka (v originálu Crookshanks) 0
10. Téma slavných koček zakončíme... Bastet 0